Securing rice, reducing poverty : (Record no. 12096)

000 -LEADER
fixed length control field 00808cam a22002414a 4500
020 ## - INTERNATIONAL STANDARD BOOK NUMBER
ISBN 9789715601375
040 ## - CATALOGING SOURCE
Transcribing agency DLC
082 ## - DEWEY DECIMAL CLASSIFICATION NUMBER
Classification number 330 SEA 2006 A017 Or.
100 1# - MAIN ENTRY--AUTHOR NAME
Personal name Balisacan, A. M.
245 10 - TITLE STATEMENT
Title Securing rice, reducing poverty :
Remainder of title challenges and policy directions /
260 ## - PUBLICATION, DISTRIBUTION, ETC. (IMPRINT)
Place of publication [Los Baños] :
Name of publisher SEARCA,
Year of publication c2006.
300 ## - PHYSICAL DESCRIPTION
Number of Pages viii, 352 p. :
Other physical details ill., map ;
Dimensions 26 cm.
500 ## - GENERAL NOTE
General note "A collaborative project of SEAMEO SEARCA, PhilRice, DA-BAR"--P. [4] of cover.
650 #0 - SUBJECT ADDED ENTRY--TOPICAL TERM
Topical Term Rice
650 #0 - SUBJECT ADDED ENTRY--TOPICAL TERM
Topical Term Food supply
650 #0 - SUBJECT ADDED ENTRY--TOPICAL TERM
Topical Term Poverty
700 1# - ADDED ENTRY--PERSONAL NAME
Personal name Sebastian, L. S.
700 1# - ADDED ENTRY--PERSONAL NAME
Personal name Alpuerto, Vida Lina Esperanza B.
710 2# - ADDED ENTRY--CORPORATE NAME
Corporate name or jurisdiction name as entry element Southeast Asian Regional Centre for Graduate Study and Research in Agriculture.
710 2# - ADDED ENTRY--CORPORATE NAME
Corporate name or jurisdiction name as entry element Philippine Rice Research Institute.
710 1# - ADDED ENTRY--CORPORATE NAME
Corporate name or jurisdiction name as entry element Philippines.
942 ## - ADDED ENTRY ELEMENTS (KOHA)
Koha item type សៀវភៅភាសាអង់គ្លេស
952 ## - LOCATION AND ITEM INFORMATION (KOHA)
Withdrawn status [LOCAL, KOHA] 0
Holdings
Permanent Location Date acquired Koha item type Lost status Shelving location Barcode Current Location Full call number
Library Block A2017-08-10សៀវភៅភាសាអង់គ្លេស A017A19562Library Block A330 SEA 2006 A017 Or.
មជ្ឈមណ្ឌលឯការនៃសាកលវិទ្យាល័យភូមិន្ទកសិកម្មចំការដូង

Powered by Koha